Fundamental law of Pakistan (Record no. 360966)

000 -LEADER
fixed length control field 00451cam a22001337a 4500
008 - FIXED-LENGTH DATA ELEMENTS--GENERAL INFORMATION
fixed length control field 180718b1958 xxu||||| |||| 00| 0 eng d
082 ## - DEWEY DECIMAL CLASSIFICATION NUMBER
Classification number C4x547 B786
100 ## - MAIN ENTRY--PERSONAL NAME
Personal name Brobi, A.K.
245 ## - TITLE STATEMENT
Title Fundamental law of Pakistan
Statement of responsibility, etc. by A.K. Brobi
260 ## - PUBLICATION, DISTRIBUTION, ETC.
Place of publication, distribution, etc. Karachi
Name of publisher, distributor, etc. Din Mucammadi Press
Date of publication, distribution, etc. 1958
300 ## - PHYSICAL DESCRIPTION
Extent (iv),xxviii,1017p.
500 ## - GENERAL NOTE
General note Commentary on the Constitution of Islamic Republic of Pakistan, 1956, Rs.70.00
650 ## - SUBJECT ADDED ENTRY--TOPICAL TERM
Topical term or geographic name entry element Constitutional law --Pakistan
Holdings
Withdrawn status Lost status Damaged status Not for loan Permanent Location Current Location Date acquired Full call number Barcode Date last seen Price effective from Koha item type
        Indian Institute of Public Administration Indian Institute of Public Administration 1994-03-02 C4x547 B786 22479 2018-07-21 2018-07-21 Book

Powered by Koha